000 00722nam a2200193 i 4500
001 104664
003 ES-MaACL
005 20250809025220.0
007 t|
008 051207s1904 sp ||||1| spa d
100 1 _aMiñana y Villagrasa, Emilio.
_981392
245 1 0 _aDerecho internacional privado :
_bcontestaciones al programa para oposiciones a notarias determinadas y al cuerpo de aspirantes al notariado /
_cEmilio Miñana y Villagrasa.
260 _aMadrid :
_bJosé Rueda,
_c1904.
300 _a294 p. ;
_c19 cm.
650 0 7 _aDerecho internacional privado
_2embne
_911721
650 4 _aNotarios-
_zEspaña-
_vContestaciones para oposiciones.
_9159577
852 _aES-MaACL
_jF-12803
999 _c104664
_d104664